| 000 | 00410nam a22001457a 4500 | ||
|---|---|---|---|
| 005 | 20170724123815.0 | ||
| 008 | 170724b xxu||||| |||| 00| 0 eng d | ||
| 022 | _a02507196 | ||
| 040 | _cPK-LaUMT | ||
| 082 |
_aZIAC 297.05 _bHAM- |
||
| 245 |
_aHamdard Islamicus(October-December 2013 V-36,N.4)/ _cSadia Rashid(Chief Editor) |
||
| 260 |
_aKarachi: _bHamdard foundation, _c2013 |
||
| 300 | _a101 p. | ||
| 942 | _cBK | ||
| 999 |
_c95612 _d95612 |
||